000
00279nam a2200109Ia 4500
008
200302s9999 xx 000 0 und d
100
_a
George O. Head & Other
245
_a
1000 Autocad Tips & Tricks
260
_b
Galgotia Publications Pvt. Ltd.
260
_c
1997
300
_a
544 P.,
999
_c
953
_d
953